• 首页
  • 本馆介绍
  • 公告通知
  • 最新文献
  • 馆藏检索
  • 电子资源
  • 读者导购
  • 参考咨询
  • 我的图书馆
  • 登录
  • 详细信息显示
  • 放入我的书架
  • 预约/预借图书
  • 作者相关作品
  • 分类相关作品
  • 丛书相关作品
  • 出版社相关作品

书目信息

  • 表格格式
  • 工作单格式
  • 卡片格式
题名:
为学与为道
    
 
作者: 邴正 , 邵汉明 主编
分册: 下册  
出版信息: 北京   人民出版社  2006
页数: 670页
开本: 21cm
丛书名:
单 册:
中图分类: B260.5 , K820.7 , B2
科图分类:
主题词: 学术思想--思想史--研究--中国--现代 , 人文科学--名人--生平事迹--中国--现代 , 人文科学 , 名人 , 学术思想 , 哲学--中国
电子资源:
ISBN: 7-01-005680-3
000 01186nam0 2200337 450
001 1156148529
005 20110929153813.07
010    @a7-01-005680-3@dCNY45.00
100    @a20060104d2006 em y0chiy50 ea
101 0  @achi
102    @aCN@b110000
105    @ay z 000yd
106    @ar
200 1  @a为学与为道@e中国学人的学术之路@h下册@f邴正,邵汉明主编@Awei xue yu wei dao
210    @a北京@c人民出版社@d2006
215    @a670页@d21cm
330    @a本书汇集了20世纪中国人文社会科学学术人物思想风范的一个侧面。除了老一代大师泰斗之外,还选取了一部分近年来较活跃的中青年学者,以使读者可以从中了解当代中青年学者的学术走向。
517 1  @a中国学人的学术之路@Azhong guo xue ren de xue shu zhi lu
606 0  @a学术思想@x思想史@x研究@y中国@z现代
606 0  @a人文科学@x名人@x生平事迹@y中国@z现代
606 0  @a人文科学
606 0  @a名人
606 0  @a学术思想
606 0  @a哲学@x中国
690    @aB260.5@v4
690    @aK820.7@v4
690    @aB2@v4
701  0 @a邴正@f(1957.10~)@4主编@Abing zheng
701  0 @a邵汉明@c(文化哲学研究)@4主编@Ashao han ming
801  0 @aCN@b大连网信软件有限公司图书馆·11@c20110929
905    @a10447@dB2@eJY135:2
    
    为学与为道:中国学人的学术之路.下册/邴正,邵汉明主编.-北京:人民出版社,2006
    670页;21cm
    
    
    ISBN 7-01-005680-3:CNY45.00
    本书汇集了20世纪中国人文社会科学学术人物思想风范的一个侧面。除了老一代大师泰斗之外,还选取了一部分近年来较活跃的中青年学者,以使读者可以从中了解当代中青年学者的学术走向。
●
相关链接 在E读中查询图书 在五车中查询图书 在当当中查询图书 在豆瓣中查询图书


正题名:为学与为道     索取号:B2/JY135:2         预约/预借

序号 登录号 条形码 馆藏地/架位号 状态 备注
1 7824651   278246514   学院路分馆/ [索取号:B2/JY135:2] 在馆    
唐山师范学院图书馆 欢迎您!
大连网信软件有限公司© 版权所有